01542nam a2200385Ia 4500001001200000003000800012006001900020007001500039008004100054010001700095020002500112020002600137040002100163035002100184050002300205082001500228245015100243260005800394300005200452490003000504504005100534533015200585650003400737650002500771650003800796650003300834651001600867655002900883700003000912700002200942710003200964710001700996856012601013999001701139ebr10726742CaPaEBRm o u cr cn|||||||||111013s2011 dcuab sb 001 0 eng d z 2011040153 z9780875907345 (pbk.) z9781118672419 (ebook) aCaPaEBRcCaPaEBR a(OCoLC)77250557514aQE350b.T42 2011eb04a559.8922300aTectonic, climatic, and cryospheric evolution of the Antarctic Peninsulah[electronic resource] /cJohn B. Anderson and Julia S. Wellner, editors. aWashington, DC :bAmerican Geophysical Union,cc2011. av, 218 p. :bill. (some col.), maps (some col.)0 aSpecial publication ;v63 aIncludes bibliographical references and index. aElectronic reproduction.bPalo Alto, Calif. :cebrary,d2015.nAvailable via World Wide Web.nAccess may be limited to ebrary affiliated libraries. 0aClimatic changeszAntarctica. 0aGeologyzAntarctica. 0aGeology, StratigraphicyCenozoic. 0aMorphotectonicszAntarctica. 0aAntarctica. 7aElectronic books.2local1 aAnderson, John B.,d1944-1 aWellner, Julia S.2 aAmerican Geophysical Union.2 aebrary, Inc.40uhttp://site.ebrary.com/lib/rucke/Doc?id=10726742zAn electronic book accessible through the World Wide Web; click to view c38944d38944